Archivmaterialien zu Félix Bertaux, 1881-1948

Saved in:  
Bibliographic Details
Main Author: Bertaux, Félix 1881-1948 (Author)
Format: Electronic Archival Collections
Language:German
In:Year: 2019
Online Access: Archivdatenbank (Archivportal-D)
Archivdatenbank (Kalliope Verbundkatalog)
Check availability: HBZ Gateway

MARC

LEADER 00000npc a22000002 4500
001 LR119156083
003 PipeLineGenerated
005 20260508112529.0
008 190606s2019 xx ||||| 00| ||ger c
100 |a Bertaux, Félix  |0 (DE-588)119156083  |0 (DE-627)07995149X  |d 1881-1948 
245 |a Archivmaterialien zu Félix Bertaux, 1881-1948 
856 |u https://kalliope-verbund.info/gnd/119156083  |3 Archivdatenbank (Kalliope Verbundkatalog) 
856 |u https://www.archivportal-d.de/person/gnd/119156083  |3 Archivdatenbank (Archivportal-D) 
ELC |a 1